Đa dạng sinh học đảo và quần đảo đá vôi vùng biển đông-bắc Việt Nam, định hướng các giải pháp sử dụng bền vững

Nội dung sách gồm: tổng quan tình hình nghiên cứu biển đảo Việt Nam và thế giới; đặc điểm môi trường sống vùng Biển đông-Bắc Việt Nam; các yếu tố ảnh hưởng đến đa dạng sinh học; đề xuất định hướng phát triển, khai thác và bảo tồn...

Celý popis

Uloženo v:
Podrobná bibliografie
Hlavní autor: Đỗ, Công Thung
Médium: Kniha
Jazyk:Undetermined
Vydáno: Hà Nội Khoa học tự nhiên và Công nghệ 2018
Témata:
Tagy: Přidat tag
Žádné tagy, Buďte první, kdo otaguje tento záznam!
Thư viện lưu trữ: Trung tâm Học liệu Trường Đại học Cần Thơ
LEADER 01140nam a2200193Ia 4500
001 CTU_229635
008 210402s9999 xx 000 0 und d
082 |a 333.95 
082 |b Th513 
100 |a Đỗ, Công Thung 
245 0 |a Đa dạng sinh học đảo và quần đảo đá vôi vùng biển đông-bắc Việt Nam, định hướng các giải pháp sử dụng bền vững 
245 0 |c Đỗ Công Thung 
260 |a Hà Nội 
260 |b Khoa học tự nhiên và Công nghệ 
260 |c 2018 
520 |a Nội dung sách gồm: tổng quan tình hình nghiên cứu biển đảo Việt Nam và thế giới; đặc điểm môi trường sống vùng Biển đông-Bắc Việt Nam; các yếu tố ảnh hưởng đến đa dạng sinh học; đề xuất định hướng phát triển, khai thác và bảo tồn bền vững tài nguyên và môi trường. 
650 |a Đa dạng sinh học,Biodiversity 
910 |a Tuyến 
980 |a Trung tâm Học liệu Trường Đại học Cần Thơ